Glimpses of world history (Record no. 37697)

MARC details
000 -LEADER
fixed length control field 00293nam a2200109Ia 4500
082 ## - DEWEY DECIMAL CLASSIFICATION NUMBER
Classification number 930.9
Item number JAW
100 ## - MAIN ENTRY--AUTHOR NAME
Personal name Jawaharlal Nehru
245 #0 - TITLE STATEMENT
Title Glimpses of world history
260 ## - PUBLICATION, DISTRIBUTION, ETC. (IMPRINT)
Place of publication New Delhi
Name of publisher Jawaharlal Nehru Memorial Fund
Year of publication 1982
942 ## - ADDED ENTRY ELEMENTS (KOHA)
Koha item type Books
Holdings
Withdrawn status Lost status Damaged status Not for loan Home library Current library Date acquired Cost, normal purchase price Full call number Accession Number Koha item type
        RRII Library RRII Library 16/12/2021 60.00 930.9 JAW 18077 Books